000
00292nam a2200109Ia 4500
008
171211s9999 xx 000 0 und d
245
_a
Milton's Theology of Freedom
245
_c
Benjamin Myers
260
_c
2006
650
_x
RELIGION
856
_u
http://down.ebook777.com/063/3110189380.pdf
999
_c
350569
_d
350569